000 01542nam a22002777a 4500
005 20260521123548.0
008 260514t2024 |||||||| |||| 00| 0 spa d
020 _a9786289607482
040 _aCO-BoUCM
_bspa
_cStefania Borbon
_dStefania Borbon
041 _aspa
100 _aGómez Gutiérrez, Alberto
_961933
245 _aAuri sacra fames :
_buna década serena y apacible de José Celestino Mutis : 1772 - 1782 /
_cAlberto Gómez Gutiérrez
260 _aBogotá, D.C. :
_bAcademia Colombiana de Ciencias Exactas, Físicas y Naturales ;
_bEditorial Gente Nueva ,
_c2024
300 _a478 páginas
490 _aColección Enrique Pérez Arbeláez
_vNo.16
504 _aIncluye referencias bibliográficas
520 _aObra que aborda la década olvidada de 1772 a 1782 en la vida de José Celestino Mutis, periodo de transformación crucial donde decantó sus dimensiones como médico, botánico, matemático, astrónomo y minero, antes de la consolidación de la Real Expedición Botánica en 1783.
600 1 7 _aMutis, José Celestino,
_d1732-1808
_xCrítica e interpretación
_9189258
600 1 7 _aMutis, José Celestino,
_d1732-1808
_xBiografía
_9189259
650 7 _aBotánica
_xHistoria
_ySiglo XVIII
_zColombia
_9189260
650 7 _aCientíficos
_vBiografías
_zColombia
_9105939
650 7 _aExpediciones científicas
_xHistoria
_zColombia
_9189261
710 _aAcademia Colombiana de Ciencias Exactas, Físicas y Naturales
_982682
942 _2DEWEY
_a14
_cLIBRO
_e1
_h509.2
_mG633a
999 _c326406
_d326406